[Event "WYCC 2018 O14"]
[Site "Halkidiki"]
[Date "2018.10.21"]
[Round "2"]
[White "Shermuhammadov, Samandar"]
[Black "Avila Pavas, Santiago"]
[Result "0-1"]
[WhiteElo "1962"]
[BlackElo "2277"]
[Annotator "NA"]
[PlyCount "98"]
[EventDate "2018.10.20"]
[EventType "swiss"]
[EventCountry "GRE"]
[SourceTitle "playchess.com"]
[Source "ChessBase"]
[SourceQuality "1"]
[TimeControl "40/5400+30:1800+30"]

1. e4 {[%emt 0:00:00]} c5 {[%emt 0:00:00]} 2. Nf3 {[%emt 0:00:00]} e6 {[%emt 0:01:14]} 3. d3 {[%emt 0:00:04]} d5 {[%emt 0:00:15]} 4. Nbd2 {[%emt 0:00:04]} Nc6 {[%emt 0:00:07]} 5. g3 {[%emt 0:00:04]} Bd6 {[%emt 0:00:09]} 6. Bg2 {[%emt 0:00:04]} Nge7 {[%emt 0:00:10]} 7. O-O {[%emt 0:00:10]} O-O {[%emt 0:00:08]} 8. Re1 {[%emt 0:00:23]} Bc7 {[%emt 0:00:19]} 9. Nf1 {[%emt 0:00:48]} d4 {[%emt 0:01:37] A08: King's Indian Attack} 10. h3 {[%emt 0:01:35]} f6 $146 {[%emt 0:08:26]} ({Predecessor:} 10... e5 11. g4 Ng6 12. Ng3 Nf4 13. Bf1 Ba5 14. Bd2 Bxd2 15. Nxd2 Be6 16. Qf3 Qg5 17. Nc4 Bxc4 18. dxc4 {0-1 (50) Theoocharides,C (2105)-Lalic,B (2503) Plovdiv 2003}) 11. N1h2 {[%emt 0:01:20]} e5 {[%emt 0:13:07]} 12. Nh4 {[%emt 0:01:21]} Be6 {[%emt 0:04:56]} 13. f4 {[%emt 0:05:48]} (13. Ng4 $142) 13... exf4 {[%emt 0:02:15]} 14. gxf4 {[%emt 0:02:37] [#]} f5 {[%emt 0:09:44]} ({Black should play} 14... Qb8 $1 $17 15. Rf1 {[#]} g5 $1 {[%mdl 512]}) 15. e5 {[%emt 0:00:51]} Bd5 {[%emt 0:02:24]} 16. N2f3 {[%emt 0:03:12]} Qe8 {[%emt 0:05:13]} 17. Qe2 {[%emt 0:03:23]} Nd8 {[%emt 0:01:17]} 18. b4 {[%emt 0:02:07]} cxb4 {[%emt 0:04:51]} 19. Nxd4 {[%emt 0:00:36]} Bb6 {[%emt 0:00:15]} 20. Be3 {[%emt 0:00:13]} Bxd4 {[%emt 0:00:12]} 21. Bxd4 {[%emt 0:00:12]} Ne6 {[%emt 0:00:06]} 22. Be3 {[%emt 0:00:24]} Bxg2 {[%emt 0:02:53]} 23. Nxg2 {[%emt 0:02:20]} Nd5 {[%emt 0:01:19]} 24. a3 {[%emt 0:00:53]} a5 {[%emt 0:00:55]} 25. axb4 {[%emt 0:00:25]} axb4 {[%emt 0:00:08]} 26. Rxa8 {[%emt 0:02:11]} Qxa8 {[%emt 0:00:07]} 27. Qf3 {[%emt 0:01:00]} b5 {[%emt 0:04:07]} 28. Kh2 {[%emt 0:02:23]} g6 {[%emt 0:03:55]} 29. Rg1 {[%emt 0:03:37]} Rc8 {[%emt 0:02:07]} 30. Qf2 {[%emt 0:04:22]} Qa2 {[%emt 0:07:08]} 31. Rc1 {[%emt 0:00:27]} Kf7 {[%emt 0:09:37]} 32. Bd4 {[%emt 0:08:19]} b3 {[%emt 0:12:52]} 33. c4 {[%emt 0:12:35]} Qxf2 {[%emt 0:00:15]} 34. Bxf2 {[%emt 0:00:30]} Ndxf4 {[%emt 0:00:29]} 35. Ne1 {[%emt 0:00:56]} bxc4 {[%emt 0:03:56]} 36. dxc4 {[%emt 0:00:09]} Nc5 {[%emt 0:00:07]} 37. Bxc5 {[%emt 0:03:17]} Rxc5 {[%emt 0:00:04]} 38. Nf3 {[%emt 0:00:13]} b2 {[%emt 0:00:47]} 39. Rd1 {[%emt 0:01:18]} Rxc4 {[%emt 0:00:41]} 40. Rd7+ {[%emt 0:00:00]} Ke6 {[%emt 0:00:00]} 41. Rb7 {[%emt 0:01:24]} Nd3 {[%emt 0:01:16]} 42. Rb6+ {[%emt 0:00:25]} Ke7 {[%emt 0:00:55]} 43. Rb7+ {[%emt 0:00:29]} Ke8 {[%emt 0:00:30]} 44. Rb8+ {[%emt 0:00:23]} Kd7 {[%emt 0:00:18]} 45. Rb3 {[%emt 0:00:21]} Rc3 {[%emt 0:02:29]} 46. Rb6 {[%emt 0:01:41]} Rc1 {[%emt 0:00:31]} 47. e6+ {[%emt 0:00:21]} Ke7 {[%emt 0:00:16]} 48. Rb7+ {[%emt 0:00:47]} Kxe6 {[%emt 0:00:12]} 49. Nd4+ {[%emt 0:00:13]} Kf6 $19 {[%emt 0:00:39]} 0-1

[Event "WYCC 2018 O14"]
[Site "Halkidiki"]
[Date "2018.10.21"]
[Round "2"]
[White "Bolognese, Leonardo"]
[Black "Manafov, Vugar"]
[Result "0-1"]
[WhiteElo "1947"]
[BlackElo "2245"]
[Annotator "NA"]
[PlyCount "114"]
[EventDate "2018.10.20"]
[EventType "swiss"]
[EventCountry "GRE"]
[SourceTitle "playchess.com"]
[Source "ChessBase"]
[SourceQuality "1"]
[TimeControl "40/5400+30:1800+30"]

1. d4 {[%emt 0:00:00]} Nf6 {[%emt 0:00:00]} 2. c4 {[%emt 0:00:00]} e6 {[%emt 0:00:00]} 3. Nf3 {[%emt 0:00:22]} Bb4+ {[%emt 0:00:00]} 4. Bd2 {[%emt 0:00:23]} a5 {[%emt 0:00:10]} 5. a3 {[%emt 0:00:20]} Bxd2+ {[%emt 0:00:30]} 6. Qxd2 {[%emt 0:00:08]} d6 {[%emt 0:01:14]} 7. Nc3 {[%emt 0:00:38] E11: Bogo-Indian} Nc6 {[%emt 0:01:07]} 8. Rd1 {[%emt 0:05:03]} O-O {[%emt 0:03:02]} 9. g3 {[%emt 0:00:41]} Qe7 {[%emt 0:03:42]} 10. Bg2 {[%emt 0:01:20]} Re8 $146 {[%emt 0:05:09]} ({Predecessor:} 10... e5 11. Nd5 Nxd5 12. cxd5 Nxd4 13. Nxd4 exd4 14. Qxd4 {1-0 (29) Maiorov,N (2566)-Tratar,M (2475) Aschach 2015}) 11. O-O {[%emt 0:01:54]} e5 {[%emt 0:02:08]} 12. dxe5 {[%emt 0:00:30]} Nxe5 {[%emt 0:00:53]} 13. Nxe5 {[%emt 0:02:31]} dxe5 {[%emt 0:01:10]} 14. Nd5 {[%emt 0:00:26]} Nxd5 {[%emt 0:00:05]} 15. cxd5 {[%emt 0:01:22]} e4 {[%emt 0:00:04]} 16. d6 {[%emt 0:05:47]} cxd6 {[%emt 0:00:34]} 17. Qxd6 {[%emt 0:00:08]} Bf5 {[%emt 0:06:54]} 18. e3 {[%emt 0:05:09]} Qxd6 {[%emt 0:07:36]} 19. Rxd6 {[%emt 0:00:46]} Red8 {[%emt 0:00:07]} 20. Rfd1 {[%emt 0:04:54]} Rxd6 {[%emt 0:01:35]} 21. Rxd6 {[%emt 0:00:07]} Rc8 {[%emt 0:00:05]} 22. h3 {[%emt 0:00:06]} Bg6 {[%emt 0:22:38]} 23. Rb6 {[%emt 0:09:05]} ({Better is} 23. g4 $16) 23... Rc1+ $1 {[%emt 0:02:03]} 24. Bf1 {[%emt 0:06:09]} f5 {[%emt 0:02:18]} 25. g4 {[%emt 0:02:35]} fxg4 {[%emt 0:00:02]} 26. hxg4 {[%emt 0:00:09]} Bf7 {[%emt 0:06:01]} 27. Kg2 {[%emt 0:00:20]} Bd5 {[%emt 0:00:08]} 28. Rb5 {[%emt 0:00:23]} Be6 {[%emt 0:00:22]} 29. Be2 {[%emt 0:00:55]} Re1 {[%emt 0:01:48]} 30. Rb6 $1 {[%emt 0:01:57]} Kf7 {[%emt 0:03:48]} 31. Rxb7+ {[%emt 0:03:04]} Kf6 {[%emt 0:00:09]} 32. g5+ {[%emt 0:10:06]} Kxg5 {[%emt 0:00:11]} 33. f4+ {[%emt 0:05:35]} exf3+ {[%emt 0:00:38]} 34. Bxf3 {[%emt 0:00:28]} Rxe3 {[%emt 0:00:30]} 35. Rxg7+ {[%emt 0:04:01]} Kf4 {[%emt 0:00:05]} 36. Bh5 {[%emt 0:02:53]} Bf5 {[%emt 0:02:39]} 37. Rc7 {[%emt 0:05:19]} Rb3 {[%emt 0:00:39]} 38. Rc3 {[%emt 0:06:23]} Rxb2+ {[%emt 0:00:05]} 39. Kf1 {[%emt 0:01:21]} Ra2 {[%emt 0:05:26]} 40. Bf7 {[%emt 0:00:00]} Rd2 {[%emt 0:00:00]} 41. Ke1 {[%emt 0:03:25]} Rd7 {[%emt 0:00:51]} 42. Bh5 {[%emt 0:01:52]} Rd5 {[%emt 0:01:33]} 43. Bf3 $2 {[%emt 0:07:11]} (43. Be2 $17) 43... Rb5 {[%emt 0:00:14]} 44. Be2 {[%emt 0:02:03]} Rb1+ {[%emt 0:04:24]} 45. Kf2 {[%emt 0:00:19]} Be4 {[%emt 0:00:15]} 46. Rg3 {[%emt 0:05:15]} Rb2 {[%emt 0:00:28]} 47. Rh3 {[%emt 0:07:25]} a4 {[%emt 0:02:45]} 48. Rh4+ {[%emt 0:03:14]} Ke5 {[%emt 0:00:56]} 49. Rh5+ {[%emt 0:00:08]} (49. Ke1 $142) 49... Kd4 {[%emt 0:00:11]} 50. Rh4 {[%emt 0:05:28]} Ra2 {[%emt 0:02:52]} 51. Rh3 {[%emt 0:00:08] [#]} Bf5 $1 {[%emt 0:00:48]} 52. Rh4+ {[%emt 0:03:15]} Kc3 {[%emt 0:00:49]} 53. Rxa4 {[%emt 0:03:48]} Bd3 {[%emt 0:00:08]} 54. Ra7 {[%emt 0:00:41]} Rxe2+ {[%emt 0:00:07]} 55. Kf3 {[%emt 0:00:08]} Ra2 {[%emt 0:00:06]} 56. Ke3 {[%emt 0:00:54]} Bg6 $19 {[%emt 0:00:11]} 57. a4 {[%emt 0:00:21]} Kb4 {[%emt 0:00:04]} 0-1

[Event "WYCC 2018 O14"]
[Site "Halkidiki"]
[Date "2018.10.21"]
[Round "2"]
[White "Ngo, Duc Tri"]
[Black "Tengis, Tsog-Ochir"]
[Result "0-1"]
[WhiteElo "1883"]
[BlackElo "2205"]
[Annotator "NA"]
[PlyCount "112"]
[EventDate "2018.10.20"]
[EventType "swiss"]
[EventCountry "GRE"]
[SourceTitle "playchess.com"]
[Source "ChessBase"]
[SourceQuality "1"]
[TimeControl "40/5400+30:1800+30"]

1. c4 {[%emt 0:00:02]} Nf6 {[%emt 0:00:27]} 2. Nf3 {[%emt 0:01:39]} g6 {[%emt 0:00:16]} 3. Nc3 {[%emt 0:00:07]} d5 {[%emt 0:00:54]} 4. e3 {[%emt 0:02:06] A16: English Opening: 1...Nf6 with ...d5} (4. cxd5 Nxd5 5. h4 Nxc3 6. bxc3 h6 7. e4 Bg7 8. d4 c5 9. Rb1 O-O 10. Be2 b6 11. Be3 Bb7 12. d5 e6 13. c4 {0-1 (46) Mareco,S (2649)-Ivanchuk,V (2710) Batumi 2018}) 4... Bg7 {[%emt 0:00:16]} 5. b3 {[%emt 0:02:39]} c5 {[%emt 0:03:37]} 6. Bb2 {[%emt 0:04:41]} O-O {[%emt 0:08:48]} 7. Nxd5 {[%emt 0:01:17] LiveBook: 4 Games} Nxd5 {[%emt 0:00:18]} 8. Bxg7 {[%emt 0:00:06]} Nxe3 {[%emt 0:00:49]} 9. fxe3 {[%emt 0:02:54]} Kxg7 {[%emt 0:00:17]} 10. d4 {[%emt 0:00:33]} Bg4 {[%emt 0:01:12]} 11. Qd2 $146 {[%emt 0:14:42]} ({Predecessor:} 11. Be2 Qc7 12. O-O Nc6 13. Ng5 Bf5 14. d5 {½-½ (30) Denayer,E (2251)-Geenen,M (2343) Namur 2006}) 11... Bxf3 {[%emt 0:04:00]} 12. gxf3 {[%emt 0:00:05]} e6 {[%emt 0:00:11]} 13. O-O-O {[%emt 0:01:45]} Qf6 {[%emt 0:00:33]} 14. Rg1 {[%emt 0:15:37]} Nc6 {[%emt 0:01:06]} 15. Rg4 {[%emt 0:00:28]} Rad8 {[%emt 0:01:12]} 16. Rf4 {[%emt 0:00:49]} Qe7 {[%emt 0:02:14]} 17. d5 {[%emt 0:02:32]} f5 {[%emt 0:03:58]} 18. Qc3+ {[%emt 0:03:06]} e5 {[%emt 0:01:25]} 19. dxc6 {[%emt 0:02:17]} Rxd1+ {[%emt 0:01:26]} 20. Kxd1 {[%emt 0:00:12]} Kg8 {[%emt 0:00:09]} 21. Rh4 {[%emt 0:02:37]} Qxh4 {[%emt 0:00:12]} 22. Qxe5 {[%emt 0:00:09]} Rd8+ {[%emt 0:01:10]} 23. Ke2 {[%emt 0:01:16]} bxc6 {[%emt 0:00:14]} 24. Bh3 {[%emt 0:01:46]} Kf7 {[%emt 0:01:09]} 25. Qc7+ {[%emt 0:02:19]} Qe7 {[%emt 0:00:21]} 26. Qxc6 {[%emt 0:00:22]} Qd6 {[%emt 0:00:17]} (26... Qe5 $142 27. f4 Qb2+ 28. Kf3 Qd2) 27. Qd5+ {[%emt 0:03:43]} Kf6 {[%emt 0:00:35]} 28. f4 {[%emt 0:01:18]} Qc7 {[%emt 0:01:10]} 29. Qh1 {[%emt 0:04:54]} Qd6 {[%emt 0:07:16]} 30. Qc1 {[%emt 0:01:02]} Qd3+ {[%emt 0:01:56]} 31. Ke1 {[%emt 0:00:05]} g5 {[%emt 0:00:50]} 32. fxg5+ {[%emt 0:00:31]} Kxg5 {[%emt 0:00:42]} 33. Bg2 {[%emt 0:00:38]} Qd6 {[%emt 0:01:42]} 34. Bd5 {[%emt 0:03:37]} Qxh2 {[%emt 0:03:44]} 35. Qc3 {[%emt 0:00:23]} Kg6 {[%emt 0:01:57]} 36. Qa5 {[%emt 0:00:06]} Qh4+ {[%emt 0:02:16]} 37. Ke2 {[%emt 0:00:43]} Qe7 {[%emt 0:01:06]} 38. Qe1 {[%emt 0:11:16]} Qd6 {[%emt 0:05:48]} 39. Qg1+ {[%emt 0:06:01]} Kf6 {[%emt 0:00:24]} 40. Qe1 {[%emt 0:00:00]} Qh2+ {[%emt 0:00:00]} 41. Kd3 {[%emt 0:04:40]} Re8 {[%emt 0:08:28]} 42. Qa5 {[%emt 0:03:15]} f4 {[%emt 0:02:57]} 43. e4 {[%emt 0:00:06]} Qg3+ {[%emt 0:01:14]} 44. Kc2 {[%emt 0:00:07]} Qf2+ {[%emt 0:00:29]} 45. Kb1 {[%emt 0:00:55]} Ke5 {[%emt 0:05:10]} 46. Qc3+ {[%emt 0:00:47]} Qd4 {[%emt 0:00:21]} 47. Qf3 {[%emt 0:00:52]} Qg1+ {[%emt 0:02:56]} 48. Kc2 {[%emt 0:00:08]} Re7 {[%emt 0:01:27]} 49. Qc3+ {[%emt 0:02:51]} Qd4 {[%emt 0:02:35]} 50. Qf3 {[%emt 0:00:09]} Qa1 {[%emt 0:00:52]} 51. Qh3 {[%emt 0:01:09]} Qxa2+ {[%emt 0:07:40]} 52. Kc3 {[%emt 0:00:04]} Qa1+ {[%emt 0:00:19]} 53. Kc2 {[%emt 0:00:03]} Qe1 {[%emt 0:03:11]} 54. Qf5+ {[%emt 0:01:24]} Kd4 {[%emt 0:00:08]} 55. Qxf4 {[%emt 0:00:32]} Qc3+ {[%emt 0:00:06]} 56. Kd1 {[%emt 0:00:34]} Qd3+ $19 {[%emt 0:00:15]} 0-1

[Event "WYCC 2018 O14"]
[Site "Halkidiki"]
[Date "2018.10.21"]
[Round "2"]
[White "Sanger, Jake M"]
[Black "Cohen Revivo, Shoham"]
[Result "1-0"]
[WhiteElo "1880"]
[BlackElo "2289"]
[Annotator "ChessBase"]
[PlyCount "103"]
[EventDate "2018.10.20"]
[EventType "swiss"]
[EventCountry "GRE"]
[SourceTitle "playchess.com"]
[Source "ChessBase"]
[SourceQuality "1"]
[TimeControl "40/5400+30:1800+30"]

1. d4 {[%emt 0:00:00]} d5 {[%emt 0:00:10]} 2. Bf4 {[%emt 0:00:00]} Nf6 {[%emt 0:00:16]} 3. e3 {[%emt 0:00:00]} c5 {[%emt 0:00:15]} 4. Nc3 {[%emt 0:00:00]} a6 {[%emt 0:07:48]} 5. dxc5 {[%emt 0:00:26]} e6 {[%emt 0:02:32]} 6. Na4 {[%emt 0:00:16]} Bxc5 {[%emt 0:10:00]} 7. Nxc5 {[%emt 0:00:07]} Qa5+ {[%emt 0:00:05]} 8. c3 {[%emt 0:00:03]} Qxc5 {[%emt 0:00:04]} 9. Nf3 {[%emt 0:00:13]} Nc6 {[%emt 0:01:47]} 10. Bd3 {[%emt 0:00:36]} h6 {[%emt 0:01:26]} 11. Ne5 {[%emt 0:05:12]} Qe7 {[%emt 0:13:41]} 12. O-O {[%emt 0:16:19]} O-O {[%emt 0:00:19]} 13. Bc2 {[%emt 0:09:46]} Nd7 {[%emt 0:16:49]} 14. Qd3 {[%emt 0:06:30]} f5 {[%emt 0:01:41]} 15. Ng6 {[%emt 0:00:23]} Qf6 {[%emt 0:02:20]} 16. Nxf8 {[%emt 0:00:09]} Nxf8 {[%emt 0:00:10]} 17. Bg3 {[%emt 0:06:46]} Bd7 {[%emt 0:03:24]} 18. Bb3 {[%emt 0:04:55]} Ng6 {[%emt 0:02:49]} 19. c4 {[%emt 0:04:45]} d4 {[%emt 0:15:57]} 20. f4 {[%emt 0:05:29]} Rd8 {[%emt 0:02:46]} 21. Rad1 {[%emt 0:05:33]} Be8 {[%emt 0:02:39]} 22. e4 {[%emt 0:04:33]} fxe4 {[%emt 0:03:42]} 23. Qxe4 {[%emt 0:00:27]} Nge7 {[%emt 0:00:09]} 24. c5 {[%emt 0:05:18]} Bf7 {[%emt 0:00:05]} 25. Rfe1 {[%emt 0:00:32]} Nd5 {[%emt 0:00:06]} 26. Bxd5 {[%emt 0:03:46]} Rxd5 {[%emt 0:00:30]} 27. Bf2 {[%emt 0:01:47]} Bh5 {[%emt 0:03:05]} 28. Rd2 {[%emt 0:01:03]} Bg4 {[%emt 0:00:19]} 29. h3 {[%emt 0:04:26]} Bf5 {[%emt 0:00:08]} 30. Qf3 {[%emt 0:00:25]} Rxc5 {[%emt 0:02:45]} 31. Red1 {[%emt 0:03:37]} Rd5 {[%emt 0:00:25]} 32. g4 {[%emt 0:03:00]} Bh7 {[%emt 0:00:48]} 33. f5 {[%emt 0:01:44]} Rd8 {[%emt 0:00:44]} 34. Qb3 {[%emt 0:00:32]} Rd6 {[%emt 0:04:31]} 35. Bg3 {[%emt 0:02:56]} Rd5 {[%emt 0:00:01]} 36. fxe6 {[%emt 0:01:33]} Be4 {[%emt 0:01:51]} 37. Re1 {[%emt 0:01:44]} Qxe6 {[%emt 0:01:46]} 38. Rde2 {[%emt 0:00:50]} Kh7 {[%emt 0:00:34]} 39. Rxe4 {[%emt 0:00:45]} Qd7 {[%emt 0:00:01]} 40. Qd3 {[%emt 0:00:00]} Nb4 {[%emt 0:00:00]} 41. Qb1 {[%emt 0:01:54]} d3 {[%emt 0:04:47]} 42. Rxb4 {[%emt 0:02:05]} Qc6 {[%emt 0:00:05]} 43. Rbe4 {[%emt 0:04:54]} Qc5+ {[%emt 0:00:16]} 44. Bf2 {[%emt 0:00:31]} Qd6 {[%emt 0:00:08]} 45. Qd1 {[%emt 0:01:43]} d2 {[%emt 0:00:13]} 46. R1e2 {[%emt 0:00:17]} h5 {[%emt 0:00:39]} 47. Re6 {[%emt 0:03:36]} Qb4 {[%emt 0:02:55]} 48. Qc2+ {[%emt 0:03:00]} Kg8 {[%emt 0:00:08]} 49. Re8+ {[%emt 0:00:17]} Kf7 {[%emt 0:00:07]} 50. R2e7+ {[%emt 0:00:35]} Qxe7 {[%emt 0:00:05]} 51. Rxe7+ {[%emt 0:00:06]} Kxe7 {[%emt 0:00:05]} 52. Qd1 {[%emt 0:00:30]} 1-0

[Event "WYCC 2018 O14"]
[Site "Halkidiki"]
[Date "2018.10.21"]
[Round "2"]
[White "Nakahara, Kan"]
[Black "Popov, Konstantin"]
[Result "0-1"]
[WhiteElo "1850"]
[BlackElo "2304"]
[Annotator "NA"]
[PlyCount "80"]
[EventDate "2018.10.20"]
[EventType "swiss"]
[EventCountry "GRE"]
[SourceTitle "playchess.com"]
[Source "ChessBase"]
[SourceQuality "1"]
[TimeControl "40/5400+30:1800+30"]

1. e4 {[%emt 0:00:00]} c5 {[%emt 0:00:00]} 2. Nf3 {[%emt 0:00:00]} d6 {[%emt 0:00:00]} 3. d4 {[%emt 0:00:00]} Nf6 {[%emt 0:00:13]} 4. dxc5 {[%emt 0:00:01]} Nxe4 {[%emt 0:00:09]} 5. cxd6 {[%emt 0:00:18]} Nc6 {[%emt 0:00:39]} 6. Be2 {[%emt 0:10:35]} Nxd6 {[%emt 0:02:30]} 7. O-O {[%emt 0:04:52]} g6 {[%emt 0:02:07]} 8. c3 {[%emt 0:01:30]} Bg7 {[%emt 0:02:04]} 9. Bf4 {[%emt 0:02:44]} O-O {[%emt 0:02:47] B22: Sicilian: 2 c3} 10. Bxd6 {[%emt 0:01:40]} exd6 {[%emt 0:01:11]} 11. Nbd2 {[%emt 0:04:58]} (11. Na3 d5 12. Nb5 a6 13. Nbd4 Re8 14. Re1 Qd6 15. Qd2 Bd7 16. Rad1 Re7 17. Bf1 Rxe1 18. Rxe1 {½-½ (46) Leko,P (2693)-Nepomniachtchi,I (2767) Doha 2016}) 11... Be6 $146 {[%emt 0:06:01]} ({Predecessor:} 11... Re8 12. Nb3 d5 13. Re1 Qb6 14. Qxd5 Be6 15. Qb5 Bxb3 16. axb3 Qc7 17. Bc4 {½-½ (67) Yandemirov,V (2461)-Sokolov,S (2356) Kazan 2008}) 12. Nb3 {[%emt 0:04:38]} Qb6 {[%emt 0:00:56]} 13. Nfd2 {[%emt 0:04:53]} d5 {[%emt 0:05:54]} 14. Nf3 {[%emt 0:04:39]} Rfd8 {[%emt 0:03:45]} 15. Nfd4 {[%emt 0:01:48]} Nxd4 {[%emt 0:02:39]} 16. cxd4 {[%emt 0:00:32]} a5 {[%emt 0:06:28]} 17. Qd2 {[%emt 0:01:20]} Rac8 {[%emt 0:14:30]} 18. Rac1 {[%emt 0:08:37]} Qb4 {[%emt 0:07:39]} 19. Qxb4 {[%emt 0:05:57]} axb4 {[%emt 0:00:02]} 20. Bd3 {[%emt 0:01:10]} b6 {[%emt 0:01:44]} 21. a4 {[%emt 0:06:01]} bxa3 {[%emt 0:00:52]} 22. bxa3 {[%emt 0:00:03]} Bh6 {[%emt 0:01:39]} 23. Rb1 {[%emt 0:01:21]} Rc3 {[%emt 0:00:29]} 24. Bb5 {[%emt 0:01:20]} Bf8 25. Nd2 {[%emt 0:09:30]} Bxa3 {[%emt 0:14:47]} 26. Ba6 {[%emt 0:01:09]} Rb8 {[%emt 0:00:56]} 27. Rb5 {[%emt 0:00:32]} Bd6 {[%emt 0:01:23]} 28. Rfb1 {[%emt 0:02:01]} Bc7 {[%emt 0:00:35]} 29. R5b4 {[%emt 0:03:24]} Ra8 {[%emt 0:02:59]} 30. Bf1 {[%emt 0:01:02]} Ra2 {[%emt 0:03:15]} 31. Nf3 {[%emt 0:01:20]} Rcc2 {[%emt 0:01:10]} 32. Ng5 {[%emt 0:01:02]} Rxf2 {[%emt 0:02:57]} 33. Nxe6 {[%emt 0:00:21]} fxe6 {[%emt 0:00:02]} 34. R4b3 {[%emt 0:01:51]} Rac2 {[%emt 0:05:49]} 35. Re1 {[%emt 0:02:08]} Kf7 {[%emt 0:00:25]} 36. Rbe3 {[%emt 0:00:13] [#]} Rf6 $19 {[%emt 0:00:52]} 37. Bd3 {[%emt 0:00:24]} Rd2 {[%emt 0:00:15]} 38. Rc1 {[%emt 0:01:36]} Bf4 {[%emt 0:00:08]} 39. Rh3 {[%emt 0:00:49]} Rxd3 {[%emt 0:00:16]} 40. Rxh7+ {[%emt 0:00:00]} Kg8 0-1

[Event "WYCC 2018 O14"]
[Site "Halkidiki"]
[Date "2018.10.21"]
[Round "2"]
[White "Dabarera, G W D M"]
[Black "Fecker, Noah"]
[Result "1/2-1/2"]
[WhiteElo "1768"]
[BlackElo "2184"]
[Annotator "NA"]
[PlyCount "66"]
[EventDate "2018.10.20"]
[EventType "swiss"]
[EventCountry "GRE"]
[SourceTitle "playchess.com"]
[Source "ChessBase"]
[SourceQuality "1"]
[TimeControl "40/5400+30:1800+30"]

1. e4 {[%emt 0:00:00]} c5 {[%emt 0:00:00]} 2. c3 d5 {[%emt 0:01:14]} 3. exd5 {[%emt 0:00:00]} Qxd5 {[%emt 0:00:08]} 4. d4 {[%emt 0:00:00]} Nf6 {[%emt 0:03:21]} 5. Nf3 {[%emt 0:00:27]} Bg4 {[%emt 0:01:17]} 6. Be2 {[%emt 0:00:07]} cxd4 {[%emt 0:04:33]} 7. cxd4 {[%emt 0:00:58]} e6 {[%emt 0:00:30]} 8. Nc3 {[%emt 0:00:10]} Qd8 {[%emt 0:00:33]} 9. Qb3 {[%emt 0:03:00]} Qb6 {[%emt 0:03:44]} 10. Qxb6 {[%emt 0:03:04]} axb6 {[%emt 0:00:16]} 11. Bb5+ {[%emt 0:00:19]} Nc6 {[%emt 0:12:45]} 12. Ne5 {[%emt 0:00:35]} Rc8 {[%emt 0:00:22] B22: Sicilian: 2 c3} 13. O-O $146 {[%emt 0:09:15]} ({Predecessor:} 13. Nxg4 Nxg4 14. f3 Nf6 15. Na4 Bb4+ 16. Bd2 Bxd2+ 17. Kxd2 Nd7 18. Rac1 Ke7 19. Rhe1 Kd6 20. Rc3 {0-1 (45) Coelho,P-Pacheco,A Brasilia 1999}) 13... Bd6 {[%emt 0:07:30]} 14. Bg5 {[%emt 0:09:47]} Bf5 {[%emt 0:06:29]} 15. Nc4 {[%emt 0:01:33]} Rd8 {[%emt 0:06:26]} 16. Bxf6 {[%emt 0:10:53]} gxf6 {[%emt 0:00:21]} 17. d5 {[%emt 0:00:18]} exd5 {[%emt 0:01:27]} 18. Nxb6 {[%emt 0:00:28]} d4 {[%emt 0:07:43]} 19. Ncd5 {[%emt 0:00:49]} O-O {[%emt 0:01:57]} 20. Nxf6+ {[%emt 0:01:56]} Kg7 {[%emt 0:01:16]} 21. Nh5+ {[%emt 0:00:28]} Kh6 {[%emt 0:03:37]} 22. Ng3 {[%emt 0:00:32]} Bg6 $11 {[%emt 0:05:43]} 23. Nc4 {[%emt 0:01:24]} d3 {[%emt 0:03:02]} 24. Bxc6 {[%emt 0:06:28]} bxc6 {[%emt 0:00:02]} 25. Nxd6 {[%emt 0:00:17]} Rxd6 {[%emt 0:00:05]} 26. f4 {[%emt 0:00:06]} d2 {[%emt 0:05:09]} 27. f5 {[%emt 0:00:45]} Rfd8 {[%emt 0:00:15]} 28. Rad1 {[%emt 0:01:49]} Bh5 {[%emt 0:00:14]} 29. Nxh5 {[%emt 0:00:06]} Kxh5 {[%emt 0:00:03]} 30. Rf2 {[%emt 0:00:24]} Kg5 {[%emt 0:00:41]} 31. f6 {[%emt 0:02:22]} Rd4 {[%emt 0:03:51]} 32. a4 {[%emt 0:01:13]} Rxa4 {[%emt 0:03:05]} 33. Rfxd2 {[%emt 0:00:22]} Rb8 1/2-1/2

[Event "WYCC 2018 O14"]
[Site "Halkidiki"]
[Date "2018.10.21"]
[Round "2"]
[White "Rathbone-Jones, Ifan"]
[Black "Srihari L R"]
[Result "0-1"]
[WhiteElo "1673"]
[BlackElo "2170"]
[Annotator "NA"]
[PlyCount "60"]
[EventDate "2018.10.20"]
[EventType "swiss"]
[EventCountry "GRE"]
[SourceTitle "playchess.com"]
[Source "ChessBase"]
[SourceQuality "1"]
[TimeControl "40/5400+30:1800+30"]

1. d4 {[%emt 0:00:00]} d6 {[%emt 0:00:26]} 2. c4 {[%emt 0:01:00]} Nd7 {[%emt 0:04:39]} 3. e4 {[%emt 0:02:09]} e5 {[%emt 0:00:19]} 4. d5 {[%emt 0:00:21]} Nc5 {[%emt 0:02:27]} 5. Nc3 {[%emt 0:02:44]} f5 {[%emt 0:00:41]} 6. Qc2 {[%emt 0:02:53]} (6. exf5 $14 Bxf5 7. Be3) 6... fxe4 {[%emt 0:00:46]} 7. Nxe4 {[%emt 0:01:34]} Nxe4 {[%emt 0:00:33]} 8. Qxe4 {[%emt 0:00:09]} Nf6 {[%emt 0:00:03]} 9. Qc2 {[%emt 0:01:49]} Be7 {[%emt 0:00:28]} 10. g3 {[%emt 0:04:18]} (10. Ne2 $11) 10... O-O {[%emt 0:00:29]} 11. Bg2 {[%emt 0:00:09]} c6 {[%emt 0:12:39]} 12. dxc6 {[%emt 0:02:40]} bxc6 {[%emt 0:00:49]} 13. Bxc6 {[%emt 0:10:47]} Rb8 {[%emt 0:01:25]} 14. Bg2 {[%emt 0:07:53]} Qb6 {[%emt 0:16:40]} 15. b3 {[%emt 0:09:41]} Bb7 {[%emt 0:05:37]} 16. f3 {[%emt 0:10:29]} d5 {[%emt 0:01:22]} 17. Nh3 {[%emt 0:07:11]} dxc4 $19 {[%emt 0:00:51]} 18. Qxc4+ {[%emt 0:03:22]} Bd5 {[%emt 0:00:11]} 19. Qe2 {[%emt 0:00:06]} Bb4+ {[%emt 0:01:41]} 20. Bd2 {[%emt 0:01:26]} Bxd2+ {[%emt 0:06:01]} 21. Qxd2 {[%emt 0:00:15]} Rbd8 {[%emt 0:00:03]} 22. Qe2 {[%emt 0:02:38]} Ng4 {[%emt 0:05:05]} 23. Rd1 {[%emt 0:18:26]} Ne3 24. Rxd5 {[%emt 0:00:09]} Rxd5 {[%emt 0:00:17]} 25. Rg1 {[%emt 0:01:56]} Qb4+ {[%emt 0:00:52]} 26. Kf2 {[%emt 0:00:03]} Ng4+ {[%emt 0:00:07]} 27. Kf1 {[%emt 0:00:07]} Nxh2+ {[%emt 0:00:07]} 28. Kf2 {[%emt 0:00:02]} Qc5+ {[%emt 0:00:08]} 29. Ke1 {[%emt 0:00:23]} Qc1+ {[%emt 0:00:04]} 30. Kf2 {[%emt 0:00:04]} Ng4# {[%emt 0:00:05]} 0-1